Loading...
| Science - Biology | 0 | 4 | 1 | 0 | 35 | 84 | 95.75 | 0 | 1 |
| Science - Other Science | 0 | 3 | 1 | 1 | 25 | 58 | 101.00 | 0 | 2 |
| Science - Physics | 0 | 3 | 1 | 0 | 25 | 113 | 125.00 | 0 | 0 |
| History - European History | 0 | 3 | 2 | 0 | 20 | 32 | 82.33 | 1 | 2 |
| Mythology | 0 | 1 | 0 | 0 | 10 | 150 | 150.00 | 0 | 0 |
| Philosophy | 0 | 1 | 0 | 0 | 10 | 129 | 129.00 | 0 | 0 |
| Literature - European Literature | 0 | 1 | 0 | 0 | 10 | 139 | 139.00 | 0 | 0 |
| History - American History | 0 | 1 | 0 | 1 | 10 | 133 | 133.00 | 0 | 0 |
| Literature - British Literature | 0 | 1 | 0 | 0 | 10 | 57 | 57.00 | 1 | 1 |
| Fine Arts - Classical Music | 0 | 1 | 0 | 1 | 10 | 129 | 129.00 | 0 | 0 |
| Science - Chemistry | 0 | 2 | 4 | 0 | 0 | 115 | 121.00 | 0 | 2 |
| Fine Arts - Painting & Sculpture | 0 | 0 | 0 | 0 | 0 | 0.00 | 0 | 0 | |
| History - Other History | 0 | 0 | 1 | 0 | -5 | 0.00 | 0 | 0 |